La guerra del fin del mundo

Salvato in:
Dettagli Bibliografici
Autore principale: Vargas Llosa, Mario (Autore)
Natura: Libro
Lingua:spagnolo
Pubblicazione: Barcelona Seix Barral 1997
Edizione:5a. ed
Serie:Biblioteca de Bolsillo
Soggetti:
Tags: Aggiungi Tag
Nessun Tag, puoi essere il primo ad aggiungerne!!

MARC

LEADER 00000nam a2200000 a 4500
001 UCM8579
003 CL-VaPUC
008 030321e19970200SP |||||||||||||||||spa|d
082 0 4 |a Pe863  |b VAR  |2 21 
100 0 |a Vargas Llosa, Mario  |e author  |9 318800 
245 1 3 |a La guerra del fin del mundo 
250 |a 5a. ed 
300 |a 570 p 
942 |c BK 
945 |d 20030321 00:00:00  |a vberengu 
260 |a Barcelona  |b Seix Barral  |c 1997 
650 7 |a NOVELAS PERUANAS  |2 CL-VaPUC  |9 474649 
650 7 |a HISTORIA INSURRECCION DE CONSELHEIRO 1897  |2 CL-VaPUC  |9 331267 
650 0 |a Literatura peruana  |9 257452 
651 0 |a Brasil  |9 267393 
583 |a last modification  |c 20030321 00:00:00  |k Rodrigo Vera 
490 0 |a Biblioteca de Bolsillo 
999 |c 303041  |d 303039 
952 |0 0  |1 0  |4 0  |6 PE_863_000000000000000_VAR_1997  |7 0  |8 A  |9 363988  |a BIBTEO  |b BIBTEO  |d 2019-11-21  |i 3887162  |o Pe863 VAR 1997  |p 3887162  |r 2025-01-17  |w 2019-11-21  |y BK  |k ICR